Southville International School and Colleges
Your cart is empty.
  • Cart
  • Lists
    Public lists Eva Luna New books Lux_list list_1
    Your lists Log in to create your own lists
  • Log in to your account
  • Your cookies
  • Search history
Southville International School and Colleges
  • Advanced search
  • Recent comments
  • Most popular
  • Libraries

Log in to your account

Log in with GOOGLE


If you do not have an external account, but do have a local account, you can still log in:

  1. Home
  2. MARC view: Essential mathematics for economics and business /
Normal view MARC view ISBD view

Essential mathematics for economics and business / (Record no. 14802)

[ view plain ]
MARC details
000 -LEADER
fixed length control field 00678nam a2200217 a 4500
003 - CONTROL NUMBER IDENTIFIER
control field PILC
005 - DATE AND TIME OF LATEST TRANSACTION
control field 20150112093443.0
008 - FIXED-LENGTH DATA ELEMENTS--GENERAL INFORMATION
fixed length control field 100716s19uu xx 00 eng d
020 ## - INTERNATIONAL STANDARD BOOK NUMBER
International Standard Book Number 0470844663
050 ## - LIBRARY OF CONGRESS CALL NUMBER
Classification number HF 5691
Item number .B67 2002
082 ## - DEWEY DECIMAL CLASSIFICATION NUMBER
Classification number MSF 519.8
Item number B72 2002
100 ## - MAIN ENTRY--PERSONAL NAME
Personal name Bradley, Teresa
9 (RLIN) 18348
245 ## - TITLE STATEMENT
Title Essential mathematics for economics and business /
Statement of responsibility, etc Teresa Bradley and Paul Patton
250 ## - EDITION STATEMENT
Edition statement 2nd ed.
260 ## - PUBLICATION, DISTRIBUTION, ETC. (IMPRINT)
Place of publication, distribution, etc New Jersey :
Name of publisher, distributor, etc John Wiley & Sons, Ltd,
Date of publication, distribution, etc 2002.
300 ## - PHYSICAL DESCRIPTION
Extent 637 pages :
Other physical details illustration ;
Dimensions 24 cm.
650 ## - SUBJECT ADDED ENTRY--TOPICAL TERM
Topical term or geographic name as entry element Business mathematics
9 (RLIN) 13054
650 ## - SUBJECT ADDED ENTRY--TOPICAL TERM
Topical term or geographic name as entry element Mathematics-economics
9 (RLIN) 20553
700 ## - ADDED ENTRY--PERSONAL NAME
Personal name Patton, Paul
9 (RLIN) 20554
942 ## - ADDED ENTRY ELEMENTS (KOHA)
Source of classification or shelving scheme Library of Congress Classification
Koha item type Books
Holdings
Withdrawn status Lost status Source of classification or shelving scheme Damaged status Home library Current library Shelving location Date acquired Source of acquisition Total Checkouts Full call number Barcode Date last seen Copy number Price effective from Koha item type Public note
Withdrawn   Library of Congress Classification   Southville International School Affiliated with Foreign Universities Library Southville International School Affiliated with Foreign Universities Library   09/17/2013 Donation   HF 5691 .B7 2002 SFU0410 05/15/2018 2 09/17/2013 Books Books donated
Withdrawn   Library of Congress Classification   Southville International School Affiliated with Foreign Universities Library Southville International School Affiliated with Foreign Universities Library   09/17/2013 Donation   HF 5691 .B67 2002 SFU0408 05/15/2018 1 09/17/2013 Books Books donated

Essential mathematics for economics and business /

APA

Bradley T., Patton P., . (2002). Essential mathematics for economics and business. New Jersey: John Wiley & Sons, Ltd.

Chicago

Bradley Teresa, Patton Paul, . 2002. Essential mathematics for economics and business. New Jersey: John Wiley & Sons, Ltd.

Harvard

Bradley T., Patton P., . (2002). Essential mathematics for economics and business. New Jersey: John Wiley & Sons, Ltd.

MLA

Bradley Teresa, Patton Paul, . Essential mathematics for economics and business. New Jersey: John Wiley & Sons, Ltd. 2002.

  • Print
  • Cite
  • Add to your cart (remove)
  • Save record
    BIBTEX Dublin Core MARCXML MARC (non-Unicode/MARC-8) MARC (Unicode/UTF-8) MARC (Unicode/UTF-8, Standard) MODS (XML) RIS
  • More searches
    Search for this title in:
    Other Libraries (WorldCat) Other Databases (Google Scholar) Online Stores (Bookfinder.com) Open Library (openlibrary.org)

Exporting to Dublin Core...

SOUTHVILLE LIBRARY

Southville International School and Colleges Library

1281 Tropical Ave. Cor. Luxembourg St., BF Homes International, Las Pinas City

Tel. No. 8256374 / 252358 Loc. 117/146

Powered by Koha